History Quiz

Random History or Country Quiz
Score 0/12 Timer 02:00
2 Plays Today
Country % Correct
Spain
89.2%
Portugal
87.8%
Switzerland
86%
Sweden
85.5%
United Kingdom
84.4%
Ireland
79.1%
Finland
73%
Iceland
65.1%
Turkey
61.7%
Andorra
59.4%
Vatican City
57%
Liechtenstein
45%
Remove Ads.
Support Sporcle.
Get the best of Sporcle when you Go Orange. This ad-free experience offers more features, more stats, and more fun while also helping to support Sporcle. Thank you for becoming a member.

You're not logged in!

Compare scores with friends on all Sporcle quizzes.
OR
Log In

Sporcle TV

Today on Sporcle TV


Watch our educational content, quiz creation guides, and fun videos on Sporcle TV.

Show Comments

Extras

Top Quizzes Today


Score Distribution

Paid Content

Your Account Isn't Verified!

In order to create a playlist on Sporcle, you need to verify the email address you used during registration. Go to your Sporcle Settings to finish the process.

Report this User

Report this user for behavior that violates our Community Guidelines.

Details: